Journal for research in mathematics education

Detalles Bibliográficos
Autor Corporativo: National Council of Teachers of Mathematics
Formato: Electrónico Revista
Lenguaje:inglés
Publicado: Reston, Va. : National Council of Teachers of Mathematics, 1970-
Materias:
Acceso en línea:Full text available from Research Library: 03/01/1997 to 07/31/2003

MARC

LEADER 00000nas a2200000 a 4500
001 ssj0007106
003 WaSeSS
005 20200512172242.0
006 m d
007 cr n
008 970201c19709999vauqx pss 0 a0eng c
010 |a  2004235685 
022 |a 1945-2306  |l 0021-8251  |y 0021-8251 
035 |a (WaSeSS)ssj0007106 
037 |b National Council of Teachers of Mathematics, 1906 Association Drive, Reston, VA 20191-1502 
040 |a GZI  |b eng  |c GZI  |d OCL  |d OCLCQ  |d EYM  |d HUL  |d OCLCQ  |d NSD  |d OCLCQ  |d OCLCO  |d DLC  |d OCLCF  |d OCLCO  |d OCLCQ  |d GILDS  |d VT2  |d OCLCO  |d OCLCA  |d NJT  |d WaSeSS 
042 |a pcc  |a nsdp 
050 1 4 |a QA11.A1 
082 1 0 |a 510  |2 14 
130 0 |a Journal for research in mathematics education (Online) 
210 0 |a J. res. math. educ.  |b (Online) 
222 0 |a Journal for research in mathematics education  |b (Online) 
245 1 0 |a Journal for research in mathematics education  |h [electronic resource]. 
246 1 3 |a JRME 
260 |a Reston, Va. :  |b National Council of Teachers of Mathematics,  |c 1970- 
310 |a Five issues yearly 
362 0 |a Vol. 1, no. 1 (Jan. 1970)- 
500 |a Title from title screen (JSTOR, viewed Feb. 11, 2004). 
506 |a License restrictions may limit access. 
538 |a Mode of access: World Wide Web. 
588 |a Latest issue consulted: Vol. 35, issue 1 (Jan. 2004) (NCTM site, viewed Feb. 11, 2004). 
650 0 |a Mathematics  |x Study and teaching  |v Periodicals. 
650 7 |a Mathematics  |x Study and teaching.  |2 fast  |0 (OCoLC)fst01012236 
655 0 |a Electronic journals. 
710 2 |a National Council of Teachers of Mathematics. 
770 0 |t Journal for research in mathematics education. Monograph (Online)  |x 2326-4039  |w (DLC) 2004235690  |w (OCoLC)54396367 
776 1 |t Journal for research in mathematics education  |x 0021-8251  |w (DLC) 74013519  |w (OCoLC)1790822 
856 4 0 |z Full text available from Research Library: 03/01/1997 to 07/31/2003  |u https://search.proquest.com/publication/21451